000 01940nam a22003977a 4500
003 PE-LiUPU
005 20250731183446.0
008 221115b |||||||| |||| 00| 0 eng d
020 _a9786123174842
040 _aPE-LiUPU
_bspa
_cPE-LiUPU
_erda
082 _a711.4098521
_bV422l
100 _9535
_aVega Centeno, Pablo
_eAutor.
245 _aLas Centralidades de Lima Metropolitana en el siglo XXI :
_bUna aproximación empírica /
_cPlablo Vega Centeno, Manuel Dammert Guardia, Paola Moschellla, Marta Vilela, Viktor Bensús, Graciela Fernandez de Cordova, Omar Pereyra
250 _a1a Edición.
264 _aLima, Peru :
_bFondo Editorial Pontificia Universidad Catolica del Peru.
_c2019.
300 _a189 páginas :
_bilustraciones ;
_c27 centímetros
505 _aLa centralidades en la estructura metropolitana -- Los centros urbanos en la planificación de Lima -- El policentrismo en Lima desde la movilidad y diversidad funcional -- Estudio de casos -- Centro, centralidad y acceso a la ciudad.
526 _aP158
526 _aP146
526 _aP17
526 _aP12
526 _aP06
650 0 _aUrbanismo
_xInvestigación
_zPerú
_zÁrea de Lima Metropolitana.
_9536
650 0 _9537
_aDistribución de espacios (Viviendas)
_zPerú.
_zÁrea de Lima Metropolitana.
650 0 _9538
_aDesarrollo urbano
_zPerú.
_zÁrea de Lima Metropolitana.
650 0 _9539
_aSociología urbana
_zPerú.
_zÁrea de Lima Metropolitana.
700 _9540
_aDammert Guardia, Manuel
_eAutor.
700 _9541
_aMoschella, Paola
_eAutor.
700 _9542
_aVilela, Marta
_eAutor.
700 _9543
_aBensús, Viktor
_eAutor.
700 _9544
_aFernández de Córdoba, Graciela
_eAutor.
700 _9545
_aPereyra, Omar
_eAutor.
710 _9546
_aPontificia Universidad Católica del Perú
_eAutor.
942 _2ddc
_cBOOK
_n0
980 _622041
_aELI VALDERRAMA Analista Documental
_81
_gALBERTO SANCHEZ Responsable de Automatización
999 _c61608
_d61608